| 000 | 00681nam a2200241Ia 4500 | ||
|---|---|---|---|
| 005 | 20260121113221.0 | ||
| 008 | 12229 260114s9999 xx 000 0 eng d | ||
| 020 | _a9789814541237 | ||
| 037 | _aEBOOK | ||
| 040 |
_aCRL _beng _cCRL |
||
| 041 |
_aeng _2eng |
||
| 084 | _qCRL | ||
| 100 |
_aMorvan J-M Et Al _9970080 |
||
| 245 | 0 | _aGeometry and Topology of Submanifolds - Proceedings of the Meeting At Luminy Marseille | |
| 260 | _bWorld Scientific | ||
| 260 | _bWSPC | ||
| 260 | _c1989 | ||
| 650 |
_aMathematics _9970081 |
||
| 856 | _uhttps://www.worldscientific.com/worldscibooks/10.1142/0872#t=toc | ||
| 942 | _cEBOOK | ||
| 999 |
_c1549529 _d1549529 |
||